Caitanya Caritamrta of Krsnadasa Kaviraja : (Record no. 25283)
[ view plain ]
| 000 -LEADER | |
|---|---|
| fixed length control field | 00540nam a22001697a 4500 |
| 003 - CONTROL NUMBER IDENTIFIER | |
| control field | BDDh-ASL |
| 005 - DATE AND TIME OF LATEST TRANSACTION | |
| control field | 20231015030454.0 |
| 008 - FIXED-LENGTH DATA ELEMENTS--GENERAL INFORMATION | |
| fixed length control field | 210629s1999 usa||||| |||| 00| 0 eng d |
| 040 ## - CATALOGING SOURCE | |
| Original cataloging agency | BDDh-ASL |
| Transcribing agency | BDDh-ASL |
| 082 ## - DEWEY DECIMAL CLASSIFICATION NUMBER | |
| Classification number | 922 |
| Item number | CAI |
| 245 00 - TITLE STATEMENT | |
| Title | Caitanya Caritamrta of Krsnadasa Kaviraja : |
| Statement of responsibility, etc. | A Translation and Commentary by Edward C. Dimock, Jr. |
| 260 ## - PUBLICATION, DISTRIBUTION, ETC. | |
| Place of publication, distribution, etc. | Massachusetts, USA: |
| Name of publisher, distributor, etc. | Harvard University Press, |
| Date of publication, distribution, etc. | 1999. |
| 300 ## - PHYSICAL DESCRIPTION | |
| Extent | 1171 p. : |
| Dimensions | 26 cm. |
| 650 #0 - SUBJECT ADDED ENTRY--TOPICAL TERM | |
| 9 (RLIN) | 1339 |
| Topical term or geographic name entry element | Biography |
| 700 1# - ADDED ENTRY--PERSONAL NAME | |
| 9 (RLIN) | 4147 |
| Personal name | Dimock, Edward C. |
| 942 ## - ADDED ENTRY ELEMENTS (KOHA) | |
| Source of classification or shelving scheme | Dewey Decimal Classification |
| Koha item type | Books |
| Withdrawn status | Lost status | Source of classification or shelving scheme | Damaged status | Not for loan | Collection code | Home library | Current library | Shelving location | Date acquired | Source of acquisition | Total Checkouts | Full call number | Barcode | Date last seen | Copy number | Price effective from | Koha item type |
|---|---|---|---|---|---|---|---|---|---|---|---|---|---|---|---|---|---|
| Dewey Decimal Classification | Non-fiction | Asiatic Society Library | Asiatic Society Library | General Stacks | 06/29/2021 | Complimentary | 922 CAI | 110020 | 06/29/2021 | C-1 | 06/29/2021 | Books |